01791nam a2200337 i 4500001001000000003000900010005001700019007000300036008004100039040003000080041000800110082002900118100004800147245007600195250002200271264007600293300002700369336002700396337003300423338002800456590002600484650002800510650003100538910003800569942001400607952022300621952020100844952021701045952017601262999001501438000010120DO-SdBNP20251120122042.0ta091005t1972 dr 001 p spa d aDO-SdBNPbspacBNPHUerda aspa 4aRD861.44bC957t 19722221 aCruz, Francisco Antonioeautor9248984aut.14aLos testamentos infinitos :bsegunda entrega /cFrancisco Antonio Cruz. aSegunda edición aSanto Domingo, D. N., República Dominicana : bEditora Oliva,c1972. a69 páginas ;c21 cm. ardacontentbtexto2txt ardamediabsin mediación2n ardacarrierbvolumen2nc aInventariado, 2018/BT 0aPoesía dominicana966 0aLiteratura dominicana.967 aValidado. Control de calidad. EMS 2ddccLBS1 00102ddc56708DSaBNPHUbBNPHUcHDd2009-10-05eDonaciónl0oBNPHU DS RD861.44 C957t 1972p10120-30r2020-06-25te.3w2020-06-25yLBS1zAutografiado por el autor para la Biblioteca Nacional PHUZPréstamo en sala 00102ddc51708PDaBNPHUbBNPHUcHDd2009-10-05l0oBNPHU PD RD861.44 C957t, 1972p10120-10r2020-06-25w2020-06-25yLBS1zAutografiado por el autor para la Biblioteca Nacional PHUZNo se presta 00102ddc51708PDaBNPHUbBNPHUcHDd2009-10-05l0oBNPHU PD RD861.44 C957t 1972p10120-20r2020-06-25te.2w2020-06-25yLBS1zAutografiado por el autor, dedicado al Dr Pedro René Contín AybarZNo se presta 00102ddc56708DSaBNPHUbBNPHUcHDd2025-11-20eDonaciónl0oBNPHU DS RD861.44 C957t 1972p2025-13324r2025-11-20te.4w2025-11-20yLBS1zNuestra Señora de Lourdes c9879d9879